Исследование земель Кемеровской области с экологической точки зрения; Экология и безопасность в техносфере: современные проблемы и пути решения; Т. 1

গ্রন্থ-পঞ্জীর বিবরন
Parent link:Экология и безопасность в техносфере: современные проблемы и пути решения: сборник трудов Всероссийской научно-практической конференции молодых ученых, аспирантов и студентов, Юрга, 5-6 ноября 2015 г./ Национальный исследовательский Томский политехнический университет (ТПУ), Юргинский технологический институт (ЮТИ) ; под ред. Д. А. Чинахова.— , 2015
Т. 1.— 2015.— [С. 432-435]
প্রধান লেখক: Сенченко М. С.
সংস্থা লেখক: Национальный исследовательский Томский политехнический университет (ТПУ) Юргинский технологический институт (филиал) (ЮТИ) Кафедра безопасности жизнедеятельности, экологии и физического воспитания (БЖДЭФВ)
অন্যান্য লেখক: Логаш А. А. (научный руководитель), Луговцова Н. Ю. Наталья Юрьевна
সংক্ষিপ্ত:Заглавие с титульного экрана
ভাষা:রুশ
প্রকাশিত: 2015
মালা:Экологическая и техногенная безопасность
বিষয়গুলি:
অনলাইন ব্যবহার করুন:http://earchive.tpu.ru/handle/11683/15196
http://www.lib.tpu.ru/fulltext/c/2015/C52/V1/135.pdf
বিন্যাস: বৈদ্যুতিক গ্রন্থের অধ্যায়
KOHA link:https://koha.lib.tpu.ru/cgi-bin/koha/opac-detail.pl?biblionumber=616956

MARC

LEADER 00000naa2a2200000 4500
001 616956
005 20231101132933.0
035 |a (RuTPU)RU\TPU\conf\15212 
035 |a RU\TPU\conf\15210 
090 |a 616956 
100 |a 20160128d2015 k y0rusy50 ca 
101 0 |a rus  |e rus 
102 |a RU 
105 |a y z 101zy 
135 |a drgn ---uucaa 
181 0 |a i  
182 0 |a b 
200 1 |a Исследование земель Кемеровской области с экологической точки зрения  |f М. С. Сенченко, А. А. Логаш  |g науч. рук. Н. Ю. Луговцова 
203 |a Текст  |c электронный 
225 1 |a Экологическая и техногенная безопасность 
230 |a 1 компьютерный файл (pdf; 259 Kb) 
300 |a Заглавие с титульного экрана 
320 |a [Библиогр.: с. 435 (3 назв.)] 
337 |a Adobe Reader 
461 1 |0 (RuTPU)RU\TPU\conf\14041  |t Экология и безопасность в техносфере: современные проблемы и пути решения  |o сборник трудов Всероссийской научно-практической конференции молодых ученых, аспирантов и студентов, Юрга, 5-6 ноября 2015 г.  |o в 2 т.  |f Национальный исследовательский Томский политехнический университет (ТПУ), Юргинский технологический институт (ЮТИ) ; под ред. Д. А. Чинахова  |d 2015 
463 0 |0 (RuTPU)RU\TPU\conf\14042  |t Т. 1  |v [С. 432-435]  |d 2015 
610 1 |a труды учёных ТПУ 
610 1 |a электронный ресурс 
610 1 |a исследования 
610 1 |a земли 
610 1 |a Кемеровская область 
610 1 |a экология 
610 1 |a плодородие 
610 1 |a агрохимия 
700 1 |a Сенченко  |b М. С. 
701 1 |a Логаш  |b А. А. 
702 1 |a Луговцова  |b Н. Ю.  |c специалист в области экологии и безопасности жизнедеятельности  |c аспирант, ассистент кафедры Юргинского технологического института (филиала) Томского политехнического университета  |f 1983-  |g Наталья Юрьевна  |2 stltpush  |4 727 
712 0 2 |a Национальный исследовательский Томский политехнический университет (ТПУ)  |b Юргинский технологический институт (филиал) (ЮТИ)  |b Кафедра безопасности жизнедеятельности, экологии и физического воспитания (БЖДЭФВ)  |h 2240  |2 stltpush  |3 (RuTPU)RU\TPU\col\18930 
801 2 |a RU  |b 63413507  |c 20210211  |g RCR 
856 4 |u http://earchive.tpu.ru/handle/11683/15196 
856 4 |u http://www.lib.tpu.ru/fulltext/c/2015/C52/V1/135.pdf 
942 |c BK